00513nam a22001817a 450000500170000001000150001702000260003203500140005803700130007208200060008510000230009124500630011426000400017727000540021730000210027194200200029299900190031220170509142837.0 aENG-118096 a9789382711896c295.00 aEN-101628 bDBAD/PUB aN aSengupta, Arunabha aI won't give you a legup, mr death /cby Arunabha Sengupta aNew DelhibVitasta Publishingc2015 a2/15, Ansari Road, Daryaganj New Daryaganj-110002 a254pc21cm.(pbk) 2ddccENhnmSEN c139674d139674